000 00777nam a22002177a 4500
999 _c3122
_d3122
003 AR-CdUCM
008 190306b ||||| |||| 00| 0 spa d
040 _aMUNICIPALIDAD PROVINCIAL DEL CUSCO
_cBIBLIOTECA MUNICIPAL DEL CUSCO
082 _a813 /
_bH399
100 _aHawthorne, Nathaniel
_9888
245 _aLa casa de los siete altillos /
260 _aBuenos Aires :
_bEmecé Editores,
_c1944.
300 _a296 páginas ;
_c18 cm.
505 _aContenido: El saludo del César -- Las chicas del pompón rojo -- Los desertores -- El almuerzo del Emperador -- Las tres gotas de leche -- El loco...
650 _aNovelas estadounidenses
_9734
650 _aSiglo XIX
_9971
650 _aLiteratura
_983
650 _aSoldados
_91167
942 _2ddc
_cLIBROS
945 _adavv